Oldest Continuously Inhabited Cities - Statistics

General Stats
  • This quiz has been taken 25 times
  • The average score is 4 of 20
Answer Stats
Country City Earlier known as % Correct
Israel | Palestine Jerusalem
70%
Syria Aleppo
50%
Bulgaria Plovdiv
50%
Spain Cadiz Gadir
40%
Tajikistan Dushanbe
35%
Iraq Erbil
35%
Lebanon Byblos
25%
Afghanistan Kandahar Alexandria | Arachosia
25%
Albania Shkoder Skodra
20%
Croatia Zadar Zara
15%
Greece Argos
10%
India Delhi Indraprastha
10%
Pakistan Multan
10%
Turkey Diyarbakir Amida
5%
Saudi Arabia Dumat al-Jandal
5%
Egypt Girga Thinis
5%
Italy Matera
5%
Kazakhstan Sayram
5%
China Yanshi | Henan
5%
Mexico Chohula
0%
No matching quizzes found
Score Distribution
Percent of People with Each Score
Percentile by Number Answered
Your Score History
You have not taken this quiz